[Event "BL 1516 SV Griesheim - Erfurter SK"]
[Site "?"]
[Date "2016.02.21"]
[Round "9.2"]
[White "Tazbir, Marcin"]
[Black "Mihok, Oliver"]
[Result "1-0"]
[WhiteElo "2511"]
[BlackElo "2506"]
[PlyCount "195"]
[EventDate "2016.??.??"]

1. e4 c5 2. Nf3 e6 3. d3 Nc6 4. g3 Nge7 5. Bg2 g6 6. d4 cxd4 7. Nxd4 Bg7 8. Ne2
d5 9. exd5 exd5 10. O-O O-O 11. Nbc3 d4 12. Ne4 Qb6 13. Nf4 Ne5 14. h3 Bd7 15.
Nd3 Rac8 16. Bf4 N7c6 17. Nd6 Rb8 18. Nxe5 Nxe5 19. Bxe5 Bxe5 20. Nc4 Qc7 21.
Nxe5 Qxe5 22. c3 Bc6 23. Qxd4 Qxd4 24. cxd4 Rfd8 25. Rfd1 Bxg2 26. Kxg2 Rbc8
27. Rd2 Kf8 28. Re1 Rd6 29. g4 h6 30. Kg3 Ra6 31. a3 Rd6 32. Re3 Rcd8 33. Re4
R8d7 34. Kf3 Rf6+ 35. Ke2 Rfd6 36. Kd3 Rb6 37. f3 Rf6 38. Ke2 Rfd6 39. h4 Rd5
40. Ke3 Rc7 41. Re5 Rd6 42. h5 g5 43. f4 gxf4+ 44. Kxf4 Rc1 45. d5 Rf1+ 46. Ke3
Rg1 47. Re4 Rc1 48. Kd4 Rc7 49. Rde2 Rd8 50. a4 Rc1 51. Rd2 Ra1 52. b3 Rb1 53.
Rd3 Rc1 54. Ke5 Re8+ 55. Kf4 Rd8 56. d6 Rc6 57. Re7 Rcxd6 58. Rxd6 Rxd6 59.
Rxb7 Rd4+ 60. Kf5 Kg7 61. Rb5 Kh7 62. Kf6 Rf4+ 63. Rf5 Rb4 64. Rb5 Rf4+ 65. Rf5
Rb4 66. Kxf7 Rxb3 67. Rb5 Rg3 68. Rb4 a5 69. Rc4 Rb3 70. Ke6 Kg7 71. Rc7+ Kg8
72. Rc4 Kg7 73. Rf4 Rd3 74. Rc4 Rb3 75. Rc7+ Kg8 76. Kd5 Ra3 77. Rc4 Kf7 78.
Rf4+ Ke7 79. Ke5 Ra1 80. Kf5 Kf7 81. g5 hxg5 82. Kxg5+ Kg7 83. Kf5 Kh6 84. Ke6
Kxh5 85. Rf5+ Kg6 86. Rxa5 Rf1 87. Rd5 Ra1 88. a5 Ra2 89. Kd7 Kf7 90. Rf5+ Kg6
91. Rb5 Kf7 92. Kc7 Ke7 93. Kb7 Rd2 94. a6 Rd7+ 95. Kb6 Rd6+ 96. Ka5 Rd1 97. a7
Ra1+ 98. Kb6 1-0

[Event "BL 1516 SV Griesheim - Erfurter SK"]
[Site "?"]
[Date "2016.02.21"]
[Round "9.3"]
[White "Votava, Jan"]
[Black "Izsak, Gyula"]
[Result "1/2-1/2"]
[WhiteElo "2518"]
[BlackElo "2435"]
[PlyCount "79"]
[EventDate "2016.??.??"]

1. d4 Nf6 2. c4 e6 3. Nf3 d5 4. g3 Bb4+ 5. Bd2 Be7 6. Bg2 O-O 7. O-O c6 8. Qc2
Nbd7 9. Bf4 a5 10. a4 Nh5 11. Bd2 f5 12. Nc3 Bd6 13. Na2 Nhf6 14. b4 axb4 15.
Nxb4 Ne4 16. Nd3 Nxd2 17. Nxd2 Qf6 18. e3 g5 19. f4 g4 20. h3 h5 21. hxg4 hxg4
22. Kf2 Qg6 23. Rh1 Kg7 24. Rh4 Rh8 25. Rxh8 Kxh8 26. a5 Qe8 27. Nb3 Kg7 28.
cxd5 cxd5 29. Qc3 Be7 30. Nbc5 Nxc5 31. Nxc5 Qd8 32. Bf1 Kf7 33. Nd3 Bd6 34.
Ne5+ Kg7 35. Rc1 Bd7 36. Nxd7 Qxd7 37. a6 bxa6 38. Qc6 Qxc6 39. Rxc6 Rd8 40.
Bxa6 1/2-1/2

[Event "BL 1516 SV Griesheim - Erfurter SK"]
[Site "?"]
[Date "2016.02.21"]
[Round "9.4"]
[White "Farago, Ivan"]
[Black "Haba, Petr"]
[Result "1/2-1/2"]
[WhiteElo "2393"]
[BlackElo "2487"]
[PlyCount "43"]
[EventDate "2016.??.??"]

1. d4 d5 2. c4 e6 3. Nf3 c6 4. e3 Nf6 5. Nc3 Nbd7 6. Qc2 Bd6 7. Bd3 O-O 8. O-O
e5 9. cxd5 cxd5 10. e4 exd4 11. Nxd5 Nxd5 12. exd5 h6 13. Nxd4 Qh4 14. Nf3 Qh5
15. Qc4 Nf6 16. Bf4 Bxf4 17. Qxf4 Nxd5 18. Qe5 Qxe5 19. Nxe5 Be6 20. Bc4 Nf4
21. Bxe6 Nxe6 22. Rad1 1/2-1/2

[Event "BL 1516 SV Griesheim - Erfurter SK"]
[Site "?"]
[Date "2016.02.21"]
[Round "9.5"]
[White "Braeuer, Franz"]
[Black "Baskin, Robert"]
[Result "1/2-1/2"]
[WhiteElo "2423"]
[BlackElo "2369"]
[PlyCount "41"]
[EventDate "2016.??.??"]

1. e4 c5 2. Nf3 d6 3. d4 cxd4 4. Nxd4 Nf6 5. Nc3 a6 6. g3 e5 7. Nb3 Be7 8. Bg2
O-O 9. O-O b5 10. Nd5 Nxd5 11. Qxd5 Ra7 12. Be3 Be6 13. Qd2 Rd7 14. Rfd1 Nc6
15. Nc1 Qb8 16. Ne2 Bd8 17. Nc3 Ba5 18. a3 Rc8 19. Qe1 Bxc3 20. bxc3 Na5 21. a4
1/2-1/2

[Event "BL 1516 SV Griesheim - Erfurter SK"]
[Site "?"]
[Date "2016.02.21"]
[Round "9.6"]
[White "Walter, Stefan"]
[Black "Enders, Peter"]
[Result "1-0"]
[WhiteElo "2410"]
[BlackElo "2459"]
[PlyCount "127"]
[EventDate "2016.??.??"]

1. d4 Nf6 2. c4 e6 3. Nc3 c5 4. d5 exd5 5. cxd5 d6 6. e4 g6 7. Nge2 Bg7 8. Ng3
O-O 9. Be2 Re8 10. O-O Na6 11. Bg5 Bd7 12. Qd2 Nc7 13. a4 Re7 14. f4 Nce8 15.
Bc4 Qb6 16. Rae1 Qb4 17. Qe2 h6 18. Bh4 a6 19. h3 Bxa4 20. e5 dxe5 21. d6 Nxd6
22. Bxf6 Bxf6 23. Nd5 Qxc4 24. Nxf6+ Kh8 25. Qg4 Qd4+ 26. Kh1 Re6 27. fxe5 Qxg4
28. Nxg4 Nf5 29. Nxf5 gxf5 30. Rxf5 Rf8 31. Ref1 Kg7 32. R1f2 Bb5 33. Rd2 Rg6
34. Nf6 Bc4 35. Rd6 Be6 36. Nh5+ Kh8 37. Rf3 Re8 38. Nf4 Rg7 39. Nxe6 Rxe6 40.
Rxe6 fxe6 41. Rf6 Rg3 42. Rxh6+ Kg7 43. Rxe6 Rb3 44. Re7+ Kg6 45. Rc7 Rxb2 46.
Rxc5 Rb5 47. Rc8 Rxe5 48. Kh2 a5 49. Ra8 b6 50. h4 Re4 51. Kh3 a4 52. g3 Rb4
53. Rg8+ Kf7 54. Ra8 b5 55. h5 Rb3 56. Ra7+ Kg8 57. Ra8+ Kg7 58. Ra7+ Kh6 59.
Kh4 Rb1 60. Ra6+ Kg7 61. Kg5 Kf7 62. h6 Rc1 63. Ra7+ Kg8 64. g4 1-0

[Event "BL 1516 SV Griesheim - Erfurter SK"]
[Site "?"]
[Date "2016.02.21"]
[Round "9.7"]
[White "Troyke, Christian"]
[Black "Grabarczyk, Bogdan"]
[Result "1/2-1/2"]
[WhiteElo "2349"]
[BlackElo "2396"]
[PlyCount "62"]
[EventDate "2016.??.??"]

1. g3 d5 2. Nf3 Nf6 3. Bg2 c6 4. c4 dxc4 5. Na3 e5 6. Nxc4 e4 7. Ng5 Bf5 8. Qb3
Qc7 9. d4 h6 10. Bf4 Qd7 11. Ne5 Qe7 12. Ngxf7 Be6 13. Qxe6 Qxe6 14. Nxh8 Bb4+
15. Kf1 g5 16. Be3 Nbd7 17. Nhf7 Nxe5 18. Nxe5 c5 19. h4 cxd4 20. Bxd4 g4 21.
Kg1 Bc5 22. Bxc5 Qxe5 23. Be3 h5 24. Kh2 Nd5 25. Bg5 Rc8 26. Rhc1 Rc6 27. Rxc6
bxc6 28. Rc1 Kd7 29. b3 Qb2 30. Bxe4 Qxe2 31. Bf5+ Kc7 1/2-1/2

[Event "BL 1516 SV Griesheim - Erfurter SK"]
[Site "?"]
[Date "2016.02.21"]
[Round "9.8"]
[White "Schnitzspan, Lothar"]
[Black "Casper, Thomas"]
[Result "0-1"]
[WhiteElo "2317"]
[BlackElo "2382"]
[PlyCount "130"]
[EventDate "2016.??.??"]

1. Nf3 Nf6 2. c4 d6 3. g3 e5 4. Bg2 Be7 5. Nc3 O-O 6. O-O Re8 7. d4 Nbd7 8. Qc2
Bf8 9. b3 c6 10. e4 a6 11. Bb2 b5 12. Rfd1 Bb7 13. dxe5 dxe5 14. cxb5 cxb5 15.
Nd5 Nxd5 16. exd5 Rc8 17. Qd2 Qb6 18. Bh3 Rcd8 19. Bg2 h6 20. Rac1 e4 21. Nd4
Nc5 22. Ne2 Nd3 23. Bd4 Qd6 24. Rc2 Bxd5 25. Qe3 f5 26. Bb6 Rc8 27. Rxc8 Rxc8
28. Bh3 Qg6 29. Nf4 Nxf4 30. Qxf4 Be6 31. Qe5 Qf6 32. Qxf6 gxf6 33. Be3 Kf7 34.
Rc1 Rxc1+ 35. Bxc1 h5 36. Kf1 a5 37. Ke1 a4 38. bxa4 bxa4 39. a3 f4 40. Bf1
fxg3 41. hxg3 Bd7 42. Be2 Kg6 43. Kf1 Bc6 44. Ba6 f5 45. Bc4 Be7 46. Be2 h4 47.
gxh4 Bxh4 48. Bc4 Be7 49. Be2 Bd6 50. Bc4 f4 51. Bb2 Kf5 52. Ke2 Bc5 53. Ba6
f3+ 54. Kf1 e3 55. fxe3 Bxe3 56. Bd3+ Kf4 57. Bc4 Bd7 58. Ke1 Bh3 59. Kd1 f2
60. Bc1 Bg4+ 61. Kc2 Bxc1 62. Kxc1 Ke3 63. Bf1 Be2 64. Bh3 Kd3 65. Kb2 Kd2 0-1

[Event "BL 1516 SK Turm Emsdetten - Hamburger S"]
[Site "Hamburg"]
[Date "2016.02.21"]
[Round "9.1"]
[White "Kempinski, Robert"]
[Black "Grandelius, Nils"]
[Result "1/2-1/2"]
[WhiteElo "2620"]
[BlackElo "2637"]
[PlyCount "60"]
[EventDate "2016.??.??"]

1. d4 Nf6 2. c4 e6 3. Nf3 d5 4. e3 a6 5. Nbd2 c5 6. b3 cxd4 7. exd4 Bb4 8. Bb2
O-O 9. Bd3 dxc4 10. bxc4 b5 11. O-O bxc4 12. Nxc4 Nc6 13. Rb1 Be7 14. Nfe5 Nb4
15. Be2 Bd7 16. Nxd7 Nxd7 17. Bc3 a5 18. Qd2 Nf6 19. Bf3 Nfd5 20. Bxd5 Nxd5 21.
Bxa5 Qd7 22. Nb6 Nxb6 23. Bxb6 Qd5 24. Rb2 Ra4 25. Rfb1 h6 26. h3 Rfa8 27. Bc5
Bxc5 28. dxc5 Qxd2 29. Rxd2 Rxa2 30. Rxa2 Rxa2 1/2-1/2

[Event "BL 1516 SK Turm Emsdetten - Hamburger S"]
[Site "Hamburg"]
[Date "2016.02.21"]
[Round "9.2"]
[White "Yilmaz, Mustafa"]
[Black "Svane, Rasmus"]
[Result "1/2-1/2"]
[WhiteElo "2592"]
[BlackElo "2523"]
[PlyCount "45"]
[EventDate "2016.??.??"]

1. c4 e6 2. g3 d5 3. Bg2 a6 4. Qc2 c5 5. Nf3 Nc6 6. O-O Be7 7. d3 Nf6 8. b3 d4
9. a3 O-O 10. e3 e5 11. exd4 exd4 12. Re1 h6 13. Ne5 Nxe5 14. Rxe5 Bd6 15. Re1
Re8 16. Rxe8+ Qxe8 17. Nd2 Bf5 18. Nf3 Qe7 19. Bb2 Re8 20. Bf1 Qd7 21. Re1 Rxe1
22. Nxe1 Bg4 23. Bg2 1/2-1/2

[Event "BL 1516 SK Turm Emsdetten - Hamburger S"]
[Site "Hamburg"]
[Date "2016.02.21"]
[Round "9.3"]
[White "Ernst, Sipke"]
[Black "Van Foreest, Jorden"]
[Result "1-0"]
[WhiteElo "2523"]
[BlackElo "2558"]
[PlyCount "217"]
[EventDate "2016.??.??"]

1. d4 d5 2. c4 c6 3. Nf3 Nf6 4. Nc3 dxc4 5. a4 Bf5 6. e3 e6 7. Bxc4 Bb4 8. O-O
O-O 9. Nh4 Nbd7 10. f3 c5 11. Na2 Ba5 12. e4 Bg6 13. Nxg6 hxg6 14. dxc5 Bc7 15.
Be3 Qe7 16. b4 a5 17. Qb3 axb4 18. Qxb4 Ba5 19. Qb5 Rfc8 20. Rfc1 Nxc5 21. Bf1
Nfd7 22. Rc4 Bb6 23. Rac1 Ra5 24. Qb4 Rca8 25. Nc3 Qf6 26. Bf2 Nxa4 27. Nd1 Kh7
28. Rc8 Rxc8 29. Rxc8 Nac5 30. Ne3 Qa1 31. e5 Ra4 32. Qb5 Ba7 33. Rd8 Qxe5 34.
Rxd7 Nxd7 35. Qxa4 Bxe3 36. Qxd7 Bxf2+ 37. Kxf2 Qc5+ 38. Ke2 Qe5+ 39. Kf2 Qc5+
40. Ke2 Qe5+ 41. Kd3 Qf5+ 42. Kc3 Qe5+ 43. Kc2 Qxh2 44. Qxf7 Qg1 45. Bc4 Qxg2+
46. Kb3 Qg1 47. Bxe6 Qb6+ 48. Kc4 Qc6+ 49. Kd3 Qb5+ 50. Bc4 Qb1+ 51. Kd4 Qb2+
52. Ke4 Qb1+ 53. Ke5 Qb2+ 54. Ke4 Qb1+ 55. Ke5 Qb2+ 56. Kd6 Qb6+ 57. Kd7 Qc6+
58. Kd8 Qd6+ 59. Kc8 b5 60. Bd5 b4 61. Kb7 Kh6 62. Be4 Qf6 63. Qd5 g5 64. Qd2
Qe7+ 65. Kc6 g6 66. Kb5 b3 67. Kc4 Kh7 68. Qe2 Qe6+ 69. Kc3 Kg7 70. Bd3 Qc6+
71. Kxb3 Qb7+ 72. Kc2 Qc6+ 73. Kd2 Qc5 74. Qe4 Qf2+ 75. Be2 Qc5 76. Qc4 Qd6+
77. Ke3 Qg3 78. Qd4+ Kh7 79. Kd2 Qh2 80. Qf6 Qg3 81. Bd3 Qf2+ 82. Kc3 Qc5+ 83.
Kb3 Qd5+ 84. Kc2 Qc5+ 85. Kd2 Qf2+ 86. Be2 Qg3 87. Qf7+ Kh6 88. Qf8+ Kh7 89.
Qc5 Qh4 90. Qd5 Qf4+ 91. Kd3 Qc1 92. Qb3 Qf4 93. Qb7+ Kh6 94. Qb2 Qf5+ 95. Kd2
Qf4+ 96. Kd1 Qd6+ 97. Qd2 Qc5 98. Bd3 Qd4 99. Ke2 Qe5+ 100. Kf1 Qd4 101. Kg2
Qd5 102. Qe3 Qa2+ 103. Qe2 Qb3 104. Qe8 Qb2+ 105. Kh3 Qf6 106. Be4 Kg7 107. Qc6
Qf4 108. Qxg6+ Kf8 109. Qf5+ 1-0

[Event "BL 1516 SK Turm Emsdetten - Hamburger S"]
[Site "Hamburg"]
[Date "2016.02.21"]
[Round "9.4"]
[White "Burg, Twan"]
[Black "Ftacnik, Lubomir"]
[Result "1-0"]
[WhiteElo "2497"]
[BlackElo "2559"]
[PlyCount "105"]
[EventDate "2016.??.??"]

1. e4 c5 2. Nf3 d6 3. Bb5+ Nd7 4. d4 cxd4 5. Qxd4 a6 6. Be2 Ngf6 7. c4 e5 8.
Qe3 Be7 9. Nc3 O-O 10. O-O Nc5 11. h3 Bd7 12. Rd1 Qb8 13. b3 b5 14. b4 Ne6 15.
Nd5 Nxd5 16. exd5 Nf4 17. c5 a5 18. c6 Bf5 19. Nd4 Bg6 20. Nxb5 axb4 21. Bc4
Ra5 22. Qe1 Rxb5 23. Bxb5 Nxg2 24. Kxg2 Qxb5 25. Qf1 Qa4 26. Be3 f5 27. f4 Bh5
28. Rd2 b3 29. Qd3 b2 30. Rxb2 Bf6 31. Rc1 exf4 32. Rc4 Qa6 33. Bd4 Bh4 34. c7
Bf7 35. Bc3 Qa8 36. Rc6 f3+ 37. Kf1 f4 38. Qc4 Qc8 39. Rh2 Qf5 40. Be1 Bxd5 41.
Qc2 Qe6 42. Bxh4 Bxc6 43. Qxc6 h6 44. Bd8 f2 45. Qc3 f3 46. Rxf2 Qxh3+ 47. Ke1
Re8+ 48. Kd1 Qh1+ 49. Kc2 Re2+ 50. Rxe2 fxe2 51. c8=Q Qe4+ 52. Kb2 e1=Q 53.
Qxe1 1-0

[Event "BL 1516 SK Turm Emsdetten - Hamburger S"]
[Site "Hamburg"]
[Date "2016.02.21"]
[Round "9.5"]
[White "Lampert, Jonas"]
[Black "Janssen, Ruud"]
[Result "1/2-1/2"]
[WhiteElo "2470"]
[BlackElo "2484"]
[PlyCount "134"]
[EventDate "2016.??.??"]

1. d4 Nf6 2. c4 e6 3. g3 d5 4. Nf3 dxc4 5. Bg2 c5 6. O-O Nc6 7. dxc5 Bxc5 8.
Qxd8+ Nxd8 9. Ne5 Bd7 10. Nd2 Bb5 11. a4 Ba6 12. Ndxc4 Nd7 13. Nxd7 Kxd7 14. b3
Bxc4 15. bxc4 Rc8 16. Rb1 b6 17. Rd1+ Ke7 18. a5 Nc6 19. axb6 axb6 20. Bb2 f6
21. Ra1 Rhd8 22. Rxd8 Kxd8 23. e3 Na5 24. Bf1 Rc7 25. h4 Ra7 26. g4 h6 27. Bc3
Nc6 28. Rd1+ Ke7 29. Bg2 Nd8 30. g5 hxg5 31. hxg5 Nf7 32. gxf6+ gxf6 33. Bf1
Ra3 34. Rc1 Nd6 35. Kg2 Ne4 36. Be1 Ra2 37. Kf3 f5 38. Bd3 Ng5+ 39. Kf4 Kf6 40.
Bc3+ Kg6 41. Kg3 Ra3 42. Kg2 e5 43. Be2 Ra2 44. Kf1 e4 45. Be5 Nf3 46. Bc3 Nh2+
47. Ke1 Kg5 48. Rb1 Nf3+ 49. Kd1 Ng1 50. Rb2 Ra1+ 51. Kd2 Ra3 52. Be5 Ra4 53.
Rc2 Bb4+ 54. Bc3 Bc5 55. Be5 Bb4+ 56. Bc3 Bxc3+ 57. Kxc3 Nxe2+ 58. Rxe2 Kg4 59.
Rb2 Kf3 60. Kd4 Ra1 61. Rxb6 Kxf2 62. Rf6 Rd1+ 63. Ke5 Kxe3 64. Rxf5 Kd3 65. c5
e3 66. Rf3 Ke2 67. Rh3 Rc1 1/2-1/2

[Event "BL 1516 SK Turm Emsdetten - Hamburger S"]
[Site "Hamburg"]
[Date "2016.02.21"]
[Round "9.6"]
[White "Fiebig, Thomas"]
[Black "Rogozenco, Dorian"]
[Result "0-1"]
[WhiteElo "2423"]
[BlackElo "2513"]
[PlyCount "102"]
[EventDate "2016.??.??"]

1. e4 c5 2. c3 Nf6 3. e5 Nd5 4. Nf3 Nc6 5. d4 cxd4 6. cxd4 d6 7. Bc4 dxe5 8.
Nxe5 e6 9. O-O Bd6 10. Nxc6 bxc6 11. Nc3 O-O 12. Qh5 Be7 13. Rd1 Re8 14. Bd3 g6
15. Qf3 Rb8 16. Bf1 a5 17. Na4 Bf6 18. b3 Bg7 19. Bb2 Ne7 20. Rac1 Nf5 21. Qd3
Qd6 22. Bc3 Ra8 23. Qe4 Ba6 24. Nb6 Ra7 25. Bxa6 Rxa6 26. Nc4 Qd5 27. Qe2 a4
28. b4 Qb5 29. Qf1 Rd8 30. Ne5 a3 31. Ba1 Ne7 32. Qe1 Nd5 33. Rc5 Qxb4 34. Nxc6
Qxe1+ 35. Rxe1 Rc8 36. Rec1 Kf8 37. g3 Ke8 38. Kg2 Bf8 39. R5c4 Bd6 40. Kf3 Rc7
41. Ke2 Rb6 42. Na5 Ra7 43. Nc6 Ra8 44. Bc3 f6 45. Kd3 Kd7 46. Bd2 Rb5 47. R1c2
h5 48. h4 Nb6 49. R4c3 Na4 50. Rb3 Rxb3+ 51. axb3 Nb2+ 0-1

[Event "BL 1516 SK Turm Emsdetten - Hamburger S"]
[Site "Hamburg"]
[Date "2016.02.21"]
[Round "9.7"]
[White "Carlstedt, Jonathan"]
[Black "Zumsande, Martin"]
[Result "1-0"]
[WhiteElo "2453"]
[BlackElo "2465"]
[PlyCount "89"]
[EventDate "2016.??.??"]

1. d4 d5 2. c4 c6 3. Nf3 Nf6 4. Qc2 dxc4 5. Qxc4 Bg4 6. Nbd2 Nbd7 7. g3 e6 8.
Bg2 Bh5 9. O-O Be7 10. b3 O-O 11. Bb2 a5 12. a3 Qb6 13. e4 Rfd8 14. Rfe1 Bg6
15. Qc3 Qa7 16. Rac1 Bf8 17. Nh4 e5 18. Nxg6 hxg6 19. Qe3 Re8 20. h3 Rad8 21.
Rc2 exd4 22. Bxd4 c5 23. Bb2 Ne5 24. Bxe5 Rxe5 25. Nc4 Ree8 26. a4 Nd5 27. Qf3
Nb4 28. Rc3 Nd5 29. Rd3 Nb4 30. Rxd8 Rxd8 31. e5 Nc2 32. e6 fxe6 33. Re4 Nd4
34. Qg4 b6 35. Ne5 Qe7 36. Nxg6 Qf6 37. Qh5 Bd6 38. Re3 Bc7 39. Bf1 Rd5 40.
Ne7+ Qxe7 41. Qxd5 Bd8 42. Qh5 Qf7 43. Qg4 Qf6 44. Bc4 Kf7 45. Bxe6+ 1-0

[Event "BL 1516 SK Turm Emsdetten - Hamburger S"]
[Site "Hamburg"]
[Date "2016.02.21"]
[Round "9.8"]
[White "Richter, Christian"]
[Black "Heinemann, Thies"]
[Result "1/2-1/2"]
[WhiteElo "2362"]
[BlackElo "2458"]
[PlyCount "42"]
[EventDate "2016.??.??"]

1. d4 Nf6 2. c4 e6 3. Nf3 b6 4. g3 Ba6 5. Qa4 Bb7 6. Bg2 c5 7. O-O cxd4 8. Nxd4
Bxg2 9. Kxg2 Qc8 10. Nc3 Be7 11. Rd1 O-O 12. Bg5 h6 13. Bxf6 Bxf6 14. Ne4 Be7
15. f3 a6 16. Rd2 Qb7 17. Rad1 Rc8 18. Qb3 Qc7 19. Qe3 Qb7 20. Qb3 Qc7 21. Qe3
Qb7 1/2-1/2

[Event "BL 1516 SV Werder Bremen - SK Norderste"]
[Site "Hamburg"]
[Date "2016.02.21"]
[Round "9.1"]
[White "Trent, Lawrence"]
[Black "Efimenko, Zahar"]
[Result "0-1"]
[WhiteElo "2455"]
[BlackElo "2663"]
[PlyCount "71"]
[EventDate "2016.??.??"]

1. e4 c5 2. Nf3 e6 3. d4 cxd4 4. Nxd4 Nc6 5. Nc3 d6 6. Be3 Nf6 7. f4 Bd7 8. Qf3
Nxd4 9. Bxd4 Qa5 10. O-O-O e5 11. Bf2 Rc8 12. fxe5 dxe5 13. Rxd7 Rxc3 14. Rd3
Rc7 15. Rb3 a6 16. Qf5 Nd7 17. Kb1 Be7 18. Be2 Qd2 19. Bd1 Bg5 20. a3 O-O 21.
Rd3 Qc1+ 22. Ka2 Nc5 23. Bxc5 Rxc5 24. c3 Rc6 25. h4 Be7 26. Qd7 Bc5 27. Rf1
Rb6 28. b4 a5 29. Rxf7 Rxf7 30. Bb3 Rbf6 31. Qd8+ Bf8 32. Rf3 Rxf3 33. gxf3 Qf4
34. Qd5 a4 35. Bxa4 g6 36. Be8 0-1

[Event "BL 1516 SV Werder Bremen - SK Norderste"]
[Site "Hamburg"]
[Date "2016.02.21"]
[Round "9.2"]
[White "Bluebaum, Matthias"]
[Black "Kopylov, Michael"]
[Result "1/2-1/2"]
[WhiteElo "2599"]
[BlackElo "2407"]
[PlyCount "69"]
[EventDate "2016.??.??"]

1. d4 d5 2. c4 e6 3. Nc3 c6 4. e3 Bd6 5. Bd3 f5 6. Nge2 Nf6 7. f3 dxc4 8. Bxc4
e5 9. Qc2 Qe7 10. dxe5 Bxe5 11. f4 Bxc3+ 12. Nxc3 Be6 13. Bd3 Na6 14. Bxa6 bxa6
15. O-O O-O 16. Re1 Qc5 17. b3 Rfe8 18. Bb2 Bf7 19. Qc1 Rad8 20. Na4 Qxc1 21.
Raxc1 Rd2 22. Bxf6 gxf6 23. Nc3 Kg7 24. Re2 Rd3 25. e4 fxe4 26. Nxe4 Bd5 27.
Rce1 a5 28. Nc5 Rxe2 29. Rxe2 Rc3 30. Na4 Rd3 31. Kf2 Kg6 32. Nc5 Rc3 33. Na4
Rd3 34. Nc5 Rc3 35. Na4 1/2-1/2

[Event "BL 1516 SV Werder Bremen - SK Norderste"]
[Site "Hamburg"]
[Date "2016.02.21"]
[Round "9.3"]
[White "Petrosian, Suren"]
[Black "Hracek, Zbynek"]
[Result "0-1"]
[WhiteElo "2367"]
[BlackElo "2599"]
[PlyCount "110"]
[EventDate "2016.??.??"]

1. c4 e5 2. g3 Nf6 3. Bg2 d5 4. cxd5 Nxd5 5. Nf3 Nc6 6. Nc3 Nb6 7. a3 Be7 8. b4
O-O 9. O-O Re8 10. b5 Nd4 11. Nxe5 Bf6 12. f4 Bxe5 13. fxe5 Rxe5 14. e3 Nxb5
15. Nxb5 Rxb5 16. a4 Rb4 17. a5 Nc4 18. a6 Rb8 19. axb7 Bxb7 20. Rxa7 Bxg2 21.
Kxg2 Qd6 22. Qe2 h6 23. Rf4 Ne5 24. Ba3 Qc6+ 25. Kh3 Rb3 26. Ra5 Qd7+ 27. Kg2
Rd3 28. Bc1 Qc6+ 29. Kh3 Qxc1 30. Rxe5 Rxd2 31. Qc4 Qxc4 32. Rxc4 Rbb2 33. Rxc7
Rxh2+ 34. Kg4 h5+ 35. Rxh5 Rb4+ 36. e4 Rxe4+ 37. Kf3 Rxh5 38. Kxe4 Ra5 39. Kf4
f6 40. Rb7 Kh7 41. Rc7 Kh6 42. Rb7 Ra4+ 43. Kf5 g6+ 44. Kxf6 Ra6+ 45. Ke5 Kg5
46. Rb3 Ra5+ 47. Ke4 Kg4 48. Rc3 g5 49. Rb3 Ra8 50. Ke5 Rf8 51. Ke4 Re8+ 52.
Kd4 Kh3 53. g4+ Kxg4 54. Rb1 Kf3 55. Rb3+ Kf4 0-1

[Event "BL 1516 SV Werder Bremen - SK Norderste"]
[Site "Hamburg"]
[Date "2016.02.21"]
[Round "9.4"]
[White "Nyback, Tomi"]
[Black "Krause, Benedict"]
[Result "1/2-1/2"]
[WhiteElo "2575"]
[BlackElo "2310"]
[PlyCount "81"]
[EventDate "2016.??.??"]

1. d4 Nf6 2. c4 g6 3. Nc3 d5 4. cxd5 Nxd5 5. e4 Nxc3 6. bxc3 Bg7 7. Be3 c5 8.
Rc1 Qa5 9. Qd2 cxd4 10. cxd4 Qxd2+ 11. Bxd2 O-O 12. Nf3 e6 13. Bb5 Bd7 14. Bxd7
Nxd7 15. Ke2 Nf6 16. Kd3 Ng4 17. Rhf1 Rfd8 18. Rc4 Ne5+ 19. Nxe5 Bxe5 20. Be3
Rd7 21. Ke2 Bc7 22. Rfc1 Bb6 23. Rc8+ Rxc8 24. Rxc8+ Kg7 25. Rc4 f6 26. Kd3 Kf7
27. f3 Ke7 28. Bd2 Rc7 29. Ra4 Kd7 30. Bc3 Rc8 31. Ra3 f5 32. Rb3 fxe4+ 33.
fxe4 Rf8 34. a4 Kc8 35. Rb2 Rf1 36. Re2 Kd7 37. Rb2 Kc8 38. d5 exd5 39. exd5
Rf2 40. Rxf2 Bxf2 41. Kc4 1/2-1/2

[Event "BL 1516 SV Werder Bremen - SK Norderste"]
[Site "Hamburg"]
[Date "2016.02.21"]
[Round "9.5"]
[White "Powierski, Emil"]
[Black "Babula, Vlastimil"]
[Result "0-1"]
[WhiteElo "2305"]
[BlackElo "2559"]
[PlyCount "102"]
[EventDate "2016.??.??"]

1. e4 c5 2. Nf3 e6 3. d4 cxd4 4. Nxd4 Nc6 5. Nc3 d6 6. Be3 Nf6 7. Be2 Be7 8.
Qd2 O-O 9. O-O-O a6 10. f4 Nd7 11. g4 Nxd4 12. Qxd4 b5 13. a3 Bb7 14. g5 Rc8
15. h4 Qc7 16. Kb1 d5 17. exd5 exd5 18. Rh2 Rfe8 19. Bg4 Rcd8 20. Nxd5 Bxd5 21.
Qxd5 Nf6 22. Qg2 Nxg4 23. Qxg4 Rxd1+ 24. Qxd1 Bxa3 25. Qd4 Bf8 26. h5 Qe7 27.
Bc1 Qe4 28. Qxe4 Rxe4 29. c3 f5 30. g6 hxg6 31. hxg6 Bd6 32. Rd2 Re6 33. Rd5
Rf6 34. Be3 Kf8 35. Kc2 Ke7 36. Bd4 Rxg6 37. Rxf5 Ke6 38. Rh5 Bxf4 39. Rh8 Kd5
40. Rg8 Be5 41. Bxe5 Kxe5 42. b3 Ke4 43. Re8+ Kf3 44. c4 b4 45. Re7 a5 46. c5
Rg5 47. Kd3 Rxc5 48. Rf7+ Kg2 49. Rxg7+ Kf2 50. Kd4 Rc3 51. Ra7 Rxb3 0-1

[Event "BL 1516 SV Werder Bremen - SK Norderste"]
[Site "Hamburg"]
[Date "2016.02.21"]
[Round "9.6"]
[White "Markgraf, Alexander"]
[Black "Polischuk, Viktor"]
[Result "1-0"]
[WhiteElo "2495"]
[BlackElo "2317"]
[PlyCount "67"]
[EventDate "2016.??.??"]

1. e4 c5 2. Nf3 e6 3. d4 cxd4 4. Nxd4 Nf6 5. Nc3 Nc6 6. Ndb5 d6 7. Bf4 e5 8.
Bg5 a6 9. Na3 b5 10. Bxf6 gxf6 11. Nd5 f5 12. c3 Bg7 13. Bd3 Be6 14. Nxb5 axb5
15. Bxb5 Bd7 16. exf5 e4 17. O-O O-O 18. a4 Rc8 19. Qg4 Re8 20. Rad1 Re5 21.
Ne3 Qf6 22. Nc4 Bxf5 23. Qg3 d5 24. Nxe5 Nxe5 25. Rxd5 h5 26. h3 Kh7 27. a5 Rg8
28. a6 Nf3+ 29. Kh1 Bh6 30. a7 Rxg3 31. fxg3 Qg5 32. Rxf5 Qg8 33. Rxf7+ Kg6 34.
Bc6 1-0

[Event "BL 1516 SV Werder Bremen - SK Norderste"]
[Site "Hamburg"]
[Date "2016.02.21"]
[Round "9.7"]
[White "Michna, Christian"]
[Black "Meins, Gerlef"]
[Result "1/2-1/2"]
[WhiteElo "2277"]
[BlackElo "2417"]
[PlyCount "43"]
[EventDate "2016.??.??"]

1. d4 Nf6 2. Nc3 d5 3. Bg5 Nbd7 4. Qd3 c6 5. Nf3 h6 6. Bh4 g6 7. O-O-O Bg7 8.
e4 dxe4 9. Nxe4 O-O 10. Kb1 Qa5 11. h3 Nxe4 12. Qxe4 e5 13. Bc4 exd4 14. Qxg6
Ne5 15. Nxe5 Qxe5 16. Rhe1 Bf5 17. Rxe5 Bxg6 18. Re7 b5 19. Bd3 Rfe8 20. Rde1
Rxe7 21. Rxe7 Bf8 22. Re2 1/2-1/2

[Event "BL 1516 SV Werder Bremen - SK Norderste"]
[Site "Hamburg"]
[Date "2016.02.21"]
[Round "9.8"]
[White "Koop, Thorben"]
[Black "Kahlert, Thomas"]
[Result "1-0"]
[WhiteElo "2413"]
[BlackElo "2187"]
[PlyCount "123"]
[EventDate "2016.??.??"]

1. d4 Nf6 2. c4 g6 3. Nc3 d5 4. Bf4 Bg7 5. e3 O-O 6. Nf3 c5 7. dxc5 Ne4 8. Rc1
Nxc3 9. bxc3 Qa5 10. Qb3 dxc4 11. Bxc4 Qxc5 12. Qb4 Qc6 13. O-O Nd7 14. Nd4 Qc5
15. Nb3 Qc6 16. Rfd1 Nb6 17. Bb5 Qf6 18. Be2 Bd7 19. c4 Bc6 20. Na5 Qb2 21.
Nxc6 bxc6 22. Qxb2 Bxb2 23. Rc2 Bf6 24. Bf3 Rfd8 25. Rb1 Rac8 26. g4 g5 27. Bg3
Rd7 28. c5 Nd5 29. Rd2 Rdd8 30. Rb7 a5 31. Bxd5 cxd5 32. Rc2 Rc6 33. Rc7 Rc8
34. Rxc8+ Rxc8 35. c6 Kf8 36. a4 e5 37. Rc5 Ke7 38. Rxd5 Rxc6 39. Rxa5 Ke6 40.
Kg2 e4 41. Ra8 Be7 42. Ra5 f6 43. h4 gxh4 44. Bxh4 Rc2 45. Ra6+ Ke5 46. Bg3+
Kd5 47. Bf4 Ra2 48. Kg3 Ra1 49. Kg2 Ra2 50. Bc7 Rc2 51. Bb8 Rb2 52. Ba7 Ra2 53.
Bd4 Bd8 54. Bxf6 Bxf6 55. Rxf6 Rxa4 56. Rf7 Ke5 57. Rxh7 Kf6 58. Rh5 Kg6 59.
Rf5 Rb4 60. Rf4 Ra4 61. Kg3 Rb4 62. f3 1-0